Landesbanken - Girozentralen.

Nové úlohy bánk pri tvorbe vnútorného trhu európskych spoločenstiev a európsky finančný priestor. Stratégie bankových aktivít. Zemské banky ako konkurenčný faktor vo vzťahu k iným bankám. Rastúce úlohy vo financovaní. Úlohy pri regionálnej štruktúrnej politike.

Na minha lista:
Detalhes bibliográficos
Autor principal: Fahning, H.
Formato: Capítulo de Livro
Idioma:alemão
Assuntos:
Tags: Adicionar Tag
Sem tags, seja o primeiro a adicionar uma tag!

MARC

LEADER 00000naa a2200000 4500
001 r006485
005 20221208122753.9
041 0 |a ger 
044 |a DE 
245 1 0 |a Landesbanken - Girozentralen.  |c H. Fahning 
520 |a Nové úlohy bánk pri tvorbe vnútorného trhu európskych spoločenstiev a európsky finančný priestor. Stratégie bankových aktivít. Zemské banky ako konkurenčný faktor vo vzťahu k iným bankám. Rastúce úlohy vo financovaní. Úlohy pri regionálnej štruktúrnej politike. 
610 2 0 |a banky 
610 2 0 |a Nemecko 
610 2 0 |a zmeny štruktúrne 
610 2 0 |a rozvoj regionálny 
610 2 0 |a politika hospodárska 
610 2 0 |a financovanie 
100 1 |a Fahning, H.